Položenie o vyborach v rajonnye, gorodskie, poselkovye i sel'skie Sovety deputatov trudjaščichsja Ėstonskoj SSR

Titel: Položenie o vyborach v rajonnye, gorodskie, poselkovye i sel'skie Sovety deputatov trudjaščichsja Ėstonskoj SSR : tekst, utverždennyj Ukazom Prezidiuma Verchovnogo Soveta Ėstonskoj SSR ot 20 dekabrja 1954 g., s izmenenijami i dopolnenijami, vnesennymi Ukazami Prezidiuma Verchovnogo Soveta Ėstonskoj SSR ot 27 dekabrja 1958 g., 13 janvarja 1959 g., 19 janvarja 1963 g., 26 i 30 nojabrja 1966 g., 31 janvarja 1975 g.
Veröffentlicht: Tallin : Ėėsti Raamat, 1975
Umfang: 39 S.
Format: Buch
Sprache: Russisch
Kein Bild verfügbar
X
Lokale Klassifikation: 47 12 M
alg: 28680301
001A    $03004:02-01-12 
001B    $01999:25-04-21 $t10:51:16.000 
001C    $03004:02-01-12 $t14:57:39.000 
001D    $03004:02-01-12 
001U    $0utf8 
001X    $00 
002@    $0Aau 
003@    $0286803011 
003O    $0769951511 $aOCoLC 
007A    $0286803011 $aHEB 
007T    $0Herdhh286803011 
010@    $arus 
011@    $a1975 
021A    $aPoloženie o vyborach v rajonnye, gorodskie, poselkovye i sel'skie Sovety deputatov trudjaščichsja Ėstonskoj SSR $dtekst, utverždennyj Ukazom Prezidiuma Verchovnogo Soveta Ėstonskoj SSR ot 20 dekabrja 1954 g., s izmenenijami i dopolnenijami, vnesennymi Ukazami Prezidiuma Verchovnogo Soveta Ėstonskoj SSR ot 27 dekabrja 1958 g., 13 janvarja 1959 g., 19 janvarja 1963 g., 26 i 30 nojabrja 1966 g., 31 janvarja 1975 g. 
033A    $pTallin $nĖėsti Raamat 
034D    $a39 S. 
045F    $a340.09 $eDDC23BSB 
045F/01 $a340.09 
045F/03 $g4798 
046L    $aIn kyrill. Schr., russ. 

lok: 28680301 24
101B    $023-01-12 $t09:23:58.000 
101C    $002-01-12 
101U    $0utf8 
145Z/01 $a47 12 M 

exp: 28680301 24 1 #EPN
201B/01 $006-02-12 $t14:58:49.000 
201C/01 $002-01-12 
201U/01 $0utf8 
203@/01 $0636067599 
208@/01 $a06-02-12 $bz 
209A/01 $aS 25741 $du $f050 $hS 25741 $x00 
209C/01 $a11.09943 G $h11 09943 G 
209G/01 $a72938755 $x00 
220C/01 $amar 
247C/01 $8358050-7 Marburg, Bibliothek des Herder-Instituts Marburg $9102600961 

lok: 28680301 78

exp: 28680301 78 1 #EPN
201B/01 $019-04-17 $t22:03:02.000 
201U/01 $0utf8 
203@/01 $0793884225 
208@/01 $a12-11-16 $be 
209A/01 $a/ $f000 $x00 
237A/01 $aIn kyrill. Schr., russ. - weiterführende Signatur(en): Herder-Institut: S 25741 
244Z/01 $2Trx $#Estija $#Igaunija $#Estland $#Estonia $#Estonia $#Estónsko $#Estonsko $8--Trx--Eesti $x01 $9391237225 
245Z/01 $a07.02 $x01 
247C/01 $82080>Marburg/Lahn, Herder-Institut, Forschungsbibliothek, Bibliographieportal $9336309341
LEADER 00000cam a2200000 c 4500
001 286803011
003 DE-603
005 20210425105116.0
007 tu
008 120102s1975 xx |||| | u00||u|rus c
035 |a (DE-599)HEB286803011 
035 |a (OCoLC)769951511 
040 |a DE-603  |b ger  |c DE-603  |d DE-603 
041 |a rus 
082 0 4 |8 1\u  |a 340.09  |q DE-101  |2 23/BSB 
085 |8 1\u  |b 340.09 
085 |8 1\u  |z 2  |s 4798 
245 0 0 |a Položenie o vyborach v rajonnye, gorodskie, poselkovye i sel'skie Sovety deputatov trudjaščichsja Ėstonskoj SSR  |b tekst, utverždennyj Ukazom Prezidiuma Verchovnogo Soveta Ėstonskoj SSR ot 20 dekabrja 1954 g., s izmenenijami i dopolnenijami, vnesennymi Ukazami Prezidiuma Verchovnogo Soveta Ėstonskoj SSR ot 27 dekabrja 1958 g., 13 janvarja 1959 g., 19 janvarja 1963 g., 26 i 30 nojabrja 1966 g., 31 janvarja 1975 g. 
264 1 |a Tallin  |b Ėėsti Raamat  |c 1975 
300 |a 39 S. 
546 |a In kyrill. Schr., russ. 
924 0 |9 Mb 50  |a (DE-603)636067599  |b DE-Mb50  |c HES  |d c  |g S 25741 
924 0 |9 2080  |a (DE-603)793884225  |b DE-2080  |c HES  |d d  |g /